书目信息 |
| 题名: |
机械制图习题集
|
|
| 作者: | 刘振魁 , 刘小年 主编 | |
| 分册: | ||
| 出版信息: | 北京 高等教育出版社 2000.07 |
|
| 页数: | 92页 | |
| 开本: | 26cm | |
| 丛书名: | ||
| 单 册: | ||
| 中图分类: | TH126-44 | |
| 科图分类: | ||
| 主题词: | 机械制图:计算机制图 | |
| 电子资源: | ||
| ISBN: | 7-04-008008-7 | |
| 000 | 00674nam0 2200217 45 | |
| 001 | 0256045532 | |
| 005 | 2002061115340525 | |
| 010 | @a7-04-008008-7@dRMB 12.20 | |
| 100 | @a20020611d2000 km y0chiy0120 ea | |
| 101 | 0 | @achi |
| 102 | @aCN@b110000 | |
| 200 | 1 | @a机械制图习题集@AJi Xie Zhi Tu Xi Ti Ji@f刘振魁,刘小年主编@Fliu zhen kui,liu xiao nian zhu bian |
| 210 | @a北京@c高等教育出版社@d2000.07 | |
| 215 | @a92页@d26cm | |
| 300 | @a高职高专教材,机械类专业适用 | |
| 606 | 0 | @a机械制图:计算机制图 |
| 690 | @aTH126-44@v3 | |
| 701 | 0 | @a刘振魁@Aliu zhen kui@4主编 |
| 701 | 0 | @a刘小年@Aliu xiao nian@4主编 |
| 801 | 0 | @aCN@bPFT@c20020611 |
| 905 | @a安徽大学@dTH126-44@eL720 | |
| 机械制图习题集/刘振魁,刘小年主编.-北京:高等教育出版社,2000.07 |
| 92页;26cm |
| 高职高专教材,机械类专业适用 |
| ISBN 7-04-008008-7:RMB 12.20 |
| ● |
| 相关链接 |
|
|
|
正题名:机械制图习题集
索取号:TH126-44/L720
 
预约/预借
| 序号 | 登录号 | 条形码 | 馆藏地/架位号 | 状态 | 备注 |
| 1 | 363182 | 203631828 | 自科二线404/404自科库 7排4列1层/ [索取号:TH126-44/L720] | 在馆 | |
| 2 | 363183 | 203631837 | 自科二线404/404自科库 6排6列1层/ [索取号:TH126-44/L720] | 在馆 | |
| 3 | 363184 | 203631846 | 自科二线404/404自科库 6排6列1层/ [索取号:TH126-44/L720] | 在馆 |